00691nam a2200193Ia 4500952013100000999001700131003000400148005001700152008004100169020001800210040000900228082001800237100003600255245008200291260005300373300000900426650002000435942004200455 00102ddc40708ISLAMaMESbMEScISLd2019-02-20g350.00l0o297.09 NYA/Ip38795r2019-02-20 00:00:00w2019-02-20yBKzGL49R3 c23445d23445OSt20200512121151.0190216s9999||||xx |||||||||||||| ||und|| a9788174356376 coclc a297.09bNYA/I aNyazee, Imran Ahsan Khan 91734 0aIslamic Law Of Business Organization Corporations /c Imran Ahsan Khan Nyazee bAdam Publishers&Distributors,c2010.aNew Delhi: a206p aIslamic History cBK2ddch297.09iNYA/Ik297.09mNYA/I